00905nam a2200277 i 4500001000300000003000400003005001700007008003900024015001700063020001500080040001400095080001000109080001000119080001200129100003600141245008600177246002800263250001500291260004700306300004100353504003600394655003000430650002800460710004200488856009700530bgBPK20200630132816.0970629s1990 pl a f f |001 0 pol aPB 1991/6490 a8301092572 aWA NcBPK a621.3 a537.8 a(075.8)1 aKrakowski, Maciejd(1924-2004).10aElektrotechnika teoretyczna.nT. 2,pPole elektromagnetyczne /cMaciej Krakowski.30aPole elektromagnetyczne aWyd. 4 zm. aWarszawa :bPańst.Wydaw. Naukowe,c1990. a297, [2] s. :brys., wykr. ;c24 cm. aBibliogr. s. 293-294. - Indeks. 4aPodręczniki akademickie 4aPole elektromagnetyczne2 aPaństwowe Wydawnictwo Naukowe4pbl. uhttp://koha.tu.koszalin.pl/cgi-bin/koha/opac-detail.pl?biblionumber=5687yKatalog online BPK